| 000 | 00598nam a2200193 a 4500 | ||
|---|---|---|---|
| 001 | ASIN8121906644 | ||
| 005 | 20170105102853.0 | ||
| 008 | 130822s2004 xxu eng d | ||
| 020 | _a8121906644 (paperback) | ||
| 020 | _a9788121906647 (paperback) | ||
| 040 | _a0 | ||
| 100 | 1 | _aAggarwal, R.C. | |
| 245 | 1 | 0 |
_aPolitical theory _bPrinciples of Political Science _cR.C. Aggarwal. |
| 250 | _a8th ed. | ||
| 260 |
_a[S.l.] : _bS Chand & Co Ltd, _c2004. |
||
| 300 |
_a558 p. ; _c22 cm. |
||
| 856 | 4 | 0 |
_3Amazon.com _uhttp://www.amazon.com/exec/obidos/ASIN/8121906644/chopaconline-20 |
| 942 |
_2ddc _cBK |
||
| 999 |
_c14368 _d14368 |
||